Deschooling society
Αποθηκεύτηκε σε:
| Κύριος συγγραφέας: | |
|---|---|
| Μορφή: | Βιβλίο |
| Γλώσσα: | English |
| Δημοσίευση: |
Middlesex, England :
Penguin Books,
1977
|
| Σειρά: | Education, sociology & anthropology
|
| Θέματα: | |
| Ετικέτες: |
Προσθήκη ετικέτας
Δεν υπάρχουν, Καταχωρήστε ετικέτα πρώτοι!
|
MARC
| LEADER | 00000cam a2200000 i 4500 | ||
|---|---|---|---|
| 001 | 1/13677 | ||
| 008 | 110614s1977 eng d | ||
| 020 | |a 0-1402-1280-9 | ||
| 035 | |l 10110291 | ||
| 040 | |a GR-MY-UA |b gre |e aacr | ||
| 041 | 0 | |a eng | |
| 082 | 0 | |a 370.1 |2 (22) | |
| 100 | 1 | |a Illich, Ivan, |d 1926-2002. | |
| 245 | 1 | 0 | |a Deschooling society / |c Ivan Illich |
| 260 | |a Middlesex, England : |b Penguin Books, |c 1977 | ||
| 300 | |a 116 σ.; |c 18 εκ. | ||
| 490 | 1 | |a Education, sociology & anthropology | |
| 500 | |a 1η έκδ. Harper & Row, 1971 | ||
| 650 | 0 | 0 | |a Education |z United States. |
| 650 | 0 | 0 | |a Educational sociology |z United States. |
| 830 | 0 | |a Education, sociology & anthropology | |
| 852 | |a INST |b SYROS |e 20110614 |h 370.1 ILL |p 005500009135 |q 005500009135 |t BK |y 0 | ||
| 901 | |a BIBL5-2011-2 | ||
| 909 | |a Ε |b 165610 | ||
| 970 | |a ΚΟΝΤΟΥ |b ΠΑΡΑΣΚΕΥΗ |z 2011/06/14 | ||